000 00624nam a2200229Ia 4500
003 OSt
005 20220928113642.0
006 a|||||r|||| 00| 0
007 ta
008 220927b |||||||| |||| 00| 0 eng d
024 _a54487
037 _cTextual
040 _aSDCL
_cSDCL
_beng
041 _2eng
_aeng
082 _aY:6.2'N9, N8
100 _aRattu Krishna Kumar
_9407250
245 0 _aBhartiya Samaj
_b Chintan aur Patan
260 _aJaipur
_bPointer Publishers
_c1998
300 _avii,255p
_ccm.
942 _hY:6.2'N9, N8
_cTEXL
_2CC
999 _c750620
_d750620